Tratado de las obligaciones

Sparad:
Bibliografiska uppgifter
Huvudupphovsman: Tuhr, A von (Författare, medförfattare)
Materialtyp: Bok
Språk:spanska
Publicerad: Madrid Reus 1999
Serie:Biblioteca Jurídica de Autores Españoles y Extranjeros
Ämnen:
Taggar: Lägg till en tagg
Inga taggar, Lägg till första taggen!

MARC

LEADER 00000nam a2200000 a 4500
001 UCP4580
003 CL-VaPUC
008 990806e19990000SP |||||||||||||||||spa|d
082 0 4 |a 346.02  |b TUH  |2 21 
100 0 |a Tuhr, A von  |e author  |9 432122 
245 1 0 |a Tratado de las obligaciones 
300 |a v 
942 |c BK 
945 |d 19990806 00:00:00  |a vberengu 
260 |a Madrid  |b Reus  |c 1999 
650 0 |a Contratos  |9 255153 
650 7 |a CULPA  |2 CL-VaPUC  |9 372629 
650 0 |a Deudor y acreedor  |9 256643 
650 0 |a Obligaciones   |9 255578 
650 7 |a CUMPLIMIENTO  |2 CL-VaPUC  |9 385812 
583 |a last modification  |c 19990806 00:00:00  |k Rodrigo Vera 
490 0 |a Biblioteca Jurídica de Autores Españoles y Extranjeros 
999 |c 282491  |d 282489 
952 |0 0  |1 0  |4 0  |6 346_020000000000000_TUH_1999  |7 0  |8 A  |9 324306  |a BIBDER  |b BIBDER  |d 2019-11-20  |h v.1  |i 3546934  |o 346.02 TUH 1999  |p 3546934  |r 2023-01-25  |w 2019-11-20  |y BK  |k DER 
952 |0 0  |1 0  |4 0  |6 346_020000000000000_TUH_1999  |7 0  |8 A  |9 324307  |a BIBDER  |b BIBDER  |d 2019-11-20  |h v.2  |i 3546942  |o 346.02 TUH 1999  |p 3546942  |r 2023-01-25  |w 2019-11-20  |y BK  |k DER